Представление документа в формате RUSMARC

ПолеНазваниеЗначение
  Тип записи a
  Библиографический уровень m
001 Контрольный номер RU/SLIB/B/208702666
005 Дата корректировки 20201206203838.8
010 Индекс ISBN __
d Цена 0-35; 0-25
101 Язык документа __
a Язык текста rus
200 Заглавие и сведения об ответственности 0_
a Заглавие Окна на северную сторону
b Общее обозначение материала Текст
210 Выходные данные __
a Место издания Свердловск
c Издательство Сред.-Урал. кн. изд-во
d Дата издания 1981
215 Физическое описание __
a Объем 126 с., [4] л. ил.
225 Серия __
a Серия Энергия века
h Номер части Вып. 3
v Обозначение тома Кн. 10
600 Персоналии __
a Персоналии (Фамилия) Чернышов, В.
600 Персоналии __
a Персоналии (Фамилия) Козлов, Н.
600 Персоналии __
a Персоналии (Фамилия) Хворостянова, Р.
600 Персоналии __
a Персоналии (Фамилия) Гиря, И.
606 Тематические рубрики __
a Основная рубрика Экономика
y Географическая подрубрика Россия; Тюменская область
606 Тематические рубрики __
a Основная рубрика Экономика топливной промышленности
610 Ключевые слова __
a Ключевые слова газовая промышленность; нефтяная промышленность; топливная промышленность; краеведение
686 Индексы других классификаций __
2 Код системы rubbks
a Классификационный индекс К65.305.143(2Рос-4Тюм); стК65.3(2Рос-4Тюм)
700 Автор _1
a Фамилия Буров
b Имя Ю. Ф.
4 Код отношения 070
801 Источник записи _0
a Страна RU
b Организация Муниципальное бюджетное учреждение культуры "Централизованная библиотечная система" г. Сургут (Центральная городская библиотека им. А. С. Пушкина)
g Правила каталогизации ОБ/БУТЕНКО
801 Источник записи _1
a Страна RU
b Организация Муниципальное бюджетное учреждение культуры "Централизованная библиотечная система" г. Сургут (Центральная городская библиотека им. А. С. Пушкина)
g Правила каталогизации ОБ/БУТЕНКО
852 Данные о местонахождении __
j Шифр хранения К65.305.143(2Рос-4Тюм)
c Каталожный индекс К65.304.13(2Рос-4Тюм)
i Авторский знак Б91
p Инвентарный номер 67508; 7918**
901 Тип документа __
t Тип документа m
903 Характеристики (МАРС) __
a Дата передачи 19980316
990 Данные о заказе (DOS) __
j Количество экземпляров (DOS) 3